000 00988nam a22003017a 4500
001 BR7705414
003 BR-BrBNA
005 20230928085439.0
007 ta
008 230509b bl.||||| |||| 00| 0 por d
040 _aBR-BrBNA
_bpor
_cBiblioteca Nacional de Agricultura
041 _a(Por)
072 _aF25
_b0150
_b0120
_b1410
_b/G514
090 _ 0150 BR7705414
110 1 _aEmpresa de Assistencia Tecnica e Extensao Rural do Estado do Maranhao, Sao Luis (Brasil)
_94038
245 1 _aRecomendacao de adubacao: ano agricola 1977/1978 [arroz, milho, feijao, Maranhao, Brasil]
260 3 _aSao Luis, MA (Brasil):
_c1977.
300 _a8 p.
500 _a(*) Documento disponível no(a) Empresa de Assistencia Tecnica e Extensao Rural do Estado do Maranhao, Sao Luis (Brazil)
650 _aMILHO
650 _aARROZ
650 _aFEIJAO
650 _aADUBACAO
650 _aFERTILIZANTE
650 _aMARANHAO
909 _a202309
_bLucia
_c55
_dLucia Elande
942 _cBK
999 _c24473
_d24473